000
00259nam a2200109Ia 4500
008
220204s9999 xx 000 0 und d
082
_a
82-3
_b
HAI
100
_a
Hailey
245
0
_a
Ship of fools
260
_a
Manchester
_b
World distributors
_c
1978
942
_c
BK
999
_c
33220
_d
33220